[Event "RUS-chT 07th"]
[Site "Smolensk"]
[Date "2000.04.19"]
[Round "5"]
[White "Frolov, Denis"]
[Black "Volkov, Sergey"]
[Result "0-1"]
[WhiteElo "2428"]
[BlackElo "2582"]
[Annotator "Finkel,A"]
[PlyCount "137"]
[EventDate "2000.04.15"]
[EventType "team-tourn"]
[EventRounds "11"]
[EventCountry "RUS"]
[SourceTitle "CBM 077"]
[Source "ChessBase"]
[SourceDate "2000.07.27"]
[SourceVersion "1"]
[SourceVersionDate "2000.07.27"]
[SourceQuality "1"]
[WhiteTeam "Tomsk Politekhnik-Yantar"]
[BlackTeam "Sankt Petersburg Chess Federation"]
[WhiteTeamCountry "RUS"]
[BlackTeamCountry "RUS"]

1. e4 e6 2. d4 d5 3. Nc3 Nf6 4. Bg5 dxe4 5. Nxe4 Be7 6. Nxf6+ Bxf6 7. Bxf6 Qxf6
8. Nf3 O-O 9. c3 Nd7 10. Be2 {This game is typical example of playing for draw
and all negative sides of this ''fenomenon''.} (10. Bd3 e5 11. O-O exd4 12.
cxd4 (12. Nxd4 Ne5 13. Be4 Rd8 14. Qc2 g6 15. Rfd1 {1/2-1/2 Oll,L-Kindermann,S/
Debrecen 1990}) 12... c6 13. Qe2 Nb6 14. Qe4 g6 15. Qe5 Qxe5 {1/2-1/2 Portisch,
G-Bokor,I/HUN-chT 1993}) 10... e5 (10... Rd8 11. Qd2 b6 12. Qg5 Bb7 13. O-O c5
14. Rfd1 Rac8 $13 {Sermier,G-Foisor,O/Biel op MTO 1997}) 11. dxe5 Nxe5 12. Nxe5
Qxe5 13. O-O Be6 14. Bf3 Qb5 {The position is symmetrical and a draw seems not
far away,but even in this kind of position you need to play chess!} (14... Rfd8
15. Qc2 c6 16. Rfe1 Qc7 17. Rad1 Rxd1 18. Rxd1 Rd8 19. b3 $11 {Kiltti,
J-Birjukov,S/Jyvaskyla We JyS 1997}) 15. Qc2 a5 16. c4 Bxc4 17. Rfc1 Rfe8 18.
Be4 $6 {It's hard to call this move inaccuracy,because white keeps an eqaul
chanses during major part of the game,but} (18. Bxb7 Qxb7 (18... Rad8 19. Be4
Bd3 20. Bxd3 Rxd3 $11) 19. Qxc4 Qxb2 20. Qxc7 $11 {would better serve white's
purpose.}) 18... Rad8 19. Bxh7+ Kh8 20. b3 Be6 21. Be4 c6 22. Re1 Qb4 $1 23.
Bd3 (23. Bf3 $2 Bxb3 $1 {[%csl Rg1]} 24. Rxe8+ Rxe8 25. axb3 Re1+ 26. Rxe1
Qxe1#) (23. Qe2 g6 24. Qf3 Kg7 $15) 23... Bd5 $1 24. Rxe8+ Rxe8 $15 {Now we
may speak that black has managed to get something out of the position,but
still his advantage is only symbolical.} 25. h3 b5 26. Qc1 Re5 $5 27. Rb1 (27.
Qb2 $6 Rg5 28. g3 (28. Bf1 Qe4 $1 {[%csl Rg2]}) 28... a4 29. Rc1 Qf4 $1 $19)
27... Qd4 28. Bf1 a4 29. bxa4 Qxa4 30. Qc3 (30. a3 $5 {[%cal Gb1b4]}) 30... Rg5
31. Qe3 (31. a3 $2 Qe4 $1 $19 {[%cal Ge4g2,Ge4b1]}) 31... Qe4 $5 32. Qxg5 $2 {
Suicide!After this move white is in real danger of losing.} (32. Qxe4 Bxe4 33.
Rb4 Bc2 $1 {[%csl Ga4]} 34. Rb2 (34. Rd4 Re5 35. f4 Re1 $15 {[%csl Ra2]}) 34...
Rc5 35. f4 Rc3 36. Kf2 $11) 32... Qxb1 {[%csl Rf1][%cal Gb1g1]} 33. Qh4+ Kg8
34. Qd8+ Kh7 35. Qh4+ Kg6 36. Qg3+ Kf6 37. Qd6+ Kf5 38. Kh2 $6 (38. g4+ $5 Kg5
(38... Ke4 $2 39. Qe7+ Be6 (39... Kd4 $4 40. Qe3#) 40. Qc5 $1 $14 {[%csl Rc6]})
39. Qe7+ Kg6 (39... Kh6 $1 40. f4 (40. Qh4+ Kg6 41. f4 f5 42. Qh5+ Kf6 43. Qg5+
Kf7 44. Qh5+ Ke7 $17) 40... g6 $1 (40... f6 41. Qe8 $1 $11) 41. Qf6 Kh7 $17)
40. f4 Bc4 41. Qg5+ Kh7 42. Qh4+ $11) 38... Qxf1 $19 39. f3 f6 40. Qd7+ Ke5 41.
Qxg7 Qc1 $1 {Black still has to show some technique!} 42. Qe7+ Be6 43. Qc7+ Kd5
44. Qd8+ Ke5 45. Qc7+ Kd5 46. Qd8+ Kc4 47. Qxf6 Bd5 48. h4 Qc3 49. Qg5 (49.
Qxc3+ Kxc3 50. Kg3 Kd4 51. Kf4 c5 52. h5 c4 53. h6 Bg8 54. g4 c3 $19) 49... Kb4
50. Qe7+ c5 51. h5 Bxa2 52. h6 Bb1 53. h7 Ka3 54. f4 b4 55. Qh4 Bxh7 $1 {
Transforming the advantage!} 56. Qxh7 b3 {[%cal Gb3b1]} 57. Qa7+ Kb2 58. Qe7
Kc1 59. Qe2 b2 60. Qf1+ Kd2 61. Qf2+ Kd3 62. Qf1+ Kd4 63. Qe2 Qb3 (63... b1=Q
$4 64. Qe5+ Kc4 65. Qe6+ $11 Kb4 (65... Kd3 66. Qf5+ $11) 66. Qb6+ $11) 64.
Qd2+ Kc4 65. Qe2+ Kb4 66. Qe4+ Ka3 67. Qa8+ Qa4 68. Qf3+ Ka2 69. Qf2 0-1

[Event "Jinan 3 Arrows Cup"]
[Site "Jinan"]
[Date "2003.09.19"]
[Round "2"]
[White "Xu, Yuhua"]
[Black "Bareev, Evgeny"]
[Result "0-1"]
[WhiteElo "2475"]
[BlackElo "2721"]
[Annotator "Finkel,A"]
[PlyCount "72"]
[EventDate "2003.09.17"]
[EventType "schev"]
[EventRounds "4"]
[EventCountry "CHN"]
[SourceTitle "CBM 098"]
[Source "ChessBase"]
[SourceDate "2004.02.03"]
[SourceVersion "1"]
[SourceVersionDate "2004.02.03"]
[SourceQuality "1"]

1. e4 e6 2. d4 d5 3. Nc3 Nf6 4. Bg5 dxe4 5. Nxe4 Nbd7 6. Nf3 h6 7. Bxf6 {
Rare continuation promising white nothing special.} (7. Nxf6+) 7... Nxf6 8. Bd3
Nxe4 9. Bxe4 c5 10. O-O {Another attempt to pose black some problems in this
line after Polgar's try in the beginning of the year. However it seems that
black has nothing to worry about.} (10. Qe2 Qa5+ 11. c3 cxd4 12. Nxd4 Be7 13.
Qb5+ Qxb5 14. Nxb5 O-O 15. O-O-O f5 16. Bc2 e5 $11 {Webb,L-King,D/Dublin 1991})
(10. d5 Qc7 (10... exd5 11. Qxd5 Qxd5 12. Bxd5 Be7 13. O-O-O g6 14. Rhe1 $14 {
Piscopo,P-Castaldo,F/Torino 2002}) 11. Qe2 Be7 12. O-O-O O-O 13. Ne5 Bd6 14.
Nc4 exd5 15. Bxd5 Bf4+ 16. Kb1 Be6 17. Bxe6 Rae8 {1/2-1/2 Zhelnin,V-Dolmatov,S/
Krasnodar 1997}) (10. Qd2 cxd4 11. O-O-O Bc5 12. h4 Qb6 13. Ne5 Qc7 14. f4 a5
15. Qe2 a4 16. Rh3 $44 {Moreno Carnero,J-Prasca Sosa,R/Isla Margarita 1998}) (
10. c3 cxd4 11. Qa4+ (11. Ne5 Qc7 12. Qxd4 Bc5 13. Qa4+ Kf8 (13... Bd7 14.
Qxd7+ Qxd7 15. Nxd7 Kxd7 16. Bxb7 Rab8 17. Bf3 Rhc8 18. O-O-O+ Ke7 19. Rd2 $16)
14. Nd3 Bd6 $13) 11... Qd7 (11... Bd7 12. Qxd4 Bc6 13. Bxc6+ bxc6 14. Qa4 {
[%csl Rc6]} Qc7 15. O-O Be7 16. Rad1 O-O $11) 12. Qc4 $13 {Polgar,J-Bareev,E/
Enghien les Bains 2003}) 10... cxd4 11. Nxd4 (11. Ne5 $6 Be7 12. Qf3 O-O 13.
Bxb7 Bxb7 14. Qxb7 Qd6 15. Rfe1 Qb4 16. Qe4 Rac8 $15 {Korbut,E-Bistrikova,E/St
Petersburg 2001}) 11... Bc5 (11... Be7 12. c3 O-O 13. Qe2 a6 14. Bc2 Bf6 15.
Rfd1 Qc7 16. h4 $36 {Karaklajic,N-Marinkovic,S/Kladovo 1996}) 12. Nb3 Bd6 {
There is nothing wrong with 12...Bb6, but if black is to transfer e5 later on,
the position of the bishop on d6 is fully justified.} (12... Qxd1 13. Rfxd1 Be7
(13... Bb6 $11) 14. a4 g5 15. g3 h5 16. Rd3 f5 17. Bg2 Rb8 18. Nd4 $14 {
Barthel,B-Sautter,E/Germany 1992}) (12... Bb6 13. Qe2 O-O 14. Rfd1 Qf6 15. c4
e5 16. c5 Bc7 17. Rac1 Rb8 $13 {Gidel,J-Legky,N/Saint Quentin 2000 (34)}) 13.
Qf3 $6 {Careless move. White queen has nothing to do on f3, so more in the
spirit of the position was 13.Qh5} (13. Qh5 O-O 14. Rad1 Qc7 15. c3 f5 16. Bf3
e5 17. Bd5+ Kh7 18. Rfe1 $13) 13... Qc7 14. h3 O-O 15. Rfd1 f5 16. Bd3 Bd7 17.
Qe2 (17. Nd4) 17... e5 18. Bc4+ $6 {White doesn't feel the danger! It wasn't
too late to simplify the position by} (18. Bb5 Bxb5 (18... Be6 19. Nd4 $13 {
[%csl Re6]}) 19. Qxb5 Rad8 20. Na5 Rf7 21. Nc4 $13 {keeping the balance.})
18... Kh8 19. Bd5 Rf6 20. Rd2 Re8 21. Rad1 b6 22. Rd3 (22. Qc4 Qb8 23. Qa6 e4
24. Qb7 Ba4 25. Qxb8 Bxb8 $15) 22... e4 23. Rc3 Qd8 24. Nd4 Bc5 25. Nc6 $2 {
[%csl Rc6]} (25. Nb3) 25... Qc7 26. Nd4 Qe5 $19 {Now it's just over. White's
position turns into ruins.} 27. Nb3 Bd6 28. g3 f4 29. Rd4 e3 30. gxf4 Rxf4 31.
Rxe3 Qg5+ 32. Kf1 Bxh3+ 33. Ke1 Qg1+ 34. Kd2 Rxe3 35. Qxe3 Rxf2+ 36. Kd3 Bf1+
0-1

[Event "Abu Dhabi op 13th"]
[Site "Abu Dhabi"]
[Date "2003.08.16"]
[Round "1"]
[White "El Arousy, Abdul Hameed"]
[Black "Dizdar, Goran"]
[Result "0-1"]
[WhiteElo "2315"]
[BlackElo "2525"]
[Annotator "Finkel,A"]
[PlyCount "74"]
[EventDate "2003.08.16"]
[EventType "swiss"]
[EventRounds "9"]
[EventCountry "UAE"]
[SourceTitle "CBM 097"]
[Source "ChessBase"]
[SourceDate "2003.11.11"]
[SourceVersion "1"]
[SourceVersionDate "2003.11.11"]
[SourceQuality "1"]

1. e4 e6 2. d4 d5 3. Nc3 Nf6 4. Bg5 dxe4 5. Nxe4 Be7 6. Bxf6 Bxf6 7. Nf3 Nd7 8.
Qd2 O-O 9. Bd3 (9. Bc4) 9... b6 10. Neg5 $6 {Dubious move permitting black to
get very comfortable position without any efforts.} (10. O-O-O Bb7 11. Kb1 (11.
Nxf6+ Nxf6 12. Ne5 Qd6 13. Rhe1 c5 14. dxc5 Qxc5 15. Qf4 Rac8 16. g4 Ba6 17.
Re2 Bxd3 18. Nxd3 Qc7 $11 {Fabian,J-Balogh,P/SVK 1995/}) (11. h4 Be7 12. Rh3 $5
Nf6 13. Nxf6+ Bxf6 14. Ng5 h6 15. Nh7 Re8 16. Nxf6+ Qxf6 17. g4 $14 {Guliev,
L-Gouliev,N/Baku 2002}) (11. Qf4 Re8 12. h4 e5 13. Nxf6+ Qxf6 14. Qxf6 gxf6 15.
Bf5 Nf8 16. Rh3 $14 {Fiorona,G-Scarpellini,F/ITA 1998}) 11... c5 12. h4 cxd4
13. g4 Nc5 14. Qe2 Nxe4 15. Bxe4 Bxe4 16. Qxe4 Qd5 17. Qxd5 exd5 18. g5 Be7 19.
Nxd4 $14 {Barta,J-Koska,J/Brno 1937}) (10. h4 $5 Bb7 11. Neg5 h6 12. Ne4 c5 13.
O-O-O cxd4 14. g4 Ne5 15. Nxe5 Bxe5 16. f4 $36 {Prudlo,S-Kornek,A/GER 1995})
10... Bxg5 11. Nxg5 Nf6 12. O-O-O (12. Qe3 Bb7 13. O-O (13. O-O-O Qd5 14. Kb1
Rad8) 13... Qd5 14. Nf3 Rfd8 15. Rfd1 $11) 12... Bb7 13. Qf4 Qd6 (13... Bxg2 $2
14. Rhg1 Bb7 15. Nxh7 $1 Nxh7 16. Rxg7+ Kxg7 17. Rg1+ Kh8 18. Qh6 $18) 14. Qh4
{May be it was time to simplify the position by trading the queens.} (14. Qxd6
$11) 14... h6 15. Nf3 c5 16. dxc5 Qxc5 17. Rhe1 Bxf3 $1 {The threats over the
-file are not really dangerous, meanwhile the weakness of white double pawns
over the f-file causes white some head ague.} 18. gxf3 Rfd8 19. Rg1 (19. Kb1)
19... Kf8 20. Rxg7 $2 {White doen't stand the temptation to sacrifice an
exchange for initiative.} Kxg7 21. Rg1+ Kf8 22. Qxf6 Qd4 $15 (22... Rxd3 $6 23.
Rg7 (23. Qh8+ $6 Ke7 24. Qxa8 Qxf2 25. Qxa7+ Kf6 26. cxd3 Qxg1+ 27. Kc2 Qxh2+
28. Kb3 Qd6 $19) 23... Rd7 24. Rh7 Qg5+ 25. Qxg5 hxg5 26. Rh8+ Kg7 27. Rxa8 Kf6
$44) 23. Qxh6+ Ke7 24. Rg4 $6 (24. Qg5+ Qf6 25. Qe3 $1 {[%cal Gd3e4,Ge3a3]} Rg8
26. Rg3 Rad8 $15) 24... Qf6 25. Qe3 Rac8 26. h4 (26. Be4 Rc5 $15 {[%cal Gf6d4]}
) 26... Rc5 27. Rf4 Qe5 $17 28. Re4 (28. Qd2 $2 Rxd3 $19) 28... Qh2 29. b3 Qg1+
30. Kb2 Qg7+ $1 31. Kb1 Qc3 $1 32. Ra4 a5 33. f4 $6 Rg8 34. Qc1 Rg2 35. Re4
Rxf2 36. Qd1 Rd2 37. Qf3 Rxc2 0-1

[Event "Biel GM"]
[Site "Biel"]
[Date "2003.07.31"]
[Round "10"]
[White "Lutz, Christopher"]
[Black "Morozevich, Alexander"]
[Result "0-1"]
[WhiteElo "2631"]
[BlackElo "2679"]
[Annotator "Finkel,A"]
[PlyCount "62"]
[EventDate "2003.07.21"]
[EventType "tourn"]
[EventRounds "11"]
[EventCountry "SUI"]
[EventCategory "16"]
[SourceTitle "CBM 097"]
[Source "ChessBase"]
[SourceDate "2003.11.11"]
[SourceVersion "1"]
[SourceVersionDate "2003.11.11"]
[SourceQuality "1"]

1. e4 e6 2. d4 d5 3. Nc3 Nf6 4. Bg5 dxe4 5. Nxe4 Be7 6. Bxf6 gxf6 7. Nf3 a6 {
Morozevich keeps believing in this odd set-up.} (7... Nd7 8. Qd2 $6 f5 9. Ng3
h5 $5 10. h4 Bd6 11. Rh3 c6 12. Ng5 Nf6 13. Bc4 Nd5 $15 {Euwe,M-Balla,Z/Bad
Pistyan 1922/1/2-1/2 (50)}) 8. c4 {Nowdays it's considered to be the most
dangerous line for black. Morozevich himself suffered a painfull loss in his
game versus Shirov a couple of years ago.} (8. Bd3 b5 (8... Nd7 9. Qe2 c5 (9...
f5 10. Ng3 Nf6 11. O-O-O Qd5 12. Kb1 f4 13. Ne4 Nxe4 14. Bxe4 Qd6 15. Ne5 $14 {
Toth,A-Dobos,J/Szekszard op 1995}) 10. dxc5 Qa5+ 11. Qd2 Qxd2+ 12. Nfxd2 Nxc5
13. Nxc5 Bxc5 $11 {Cohn,E-Swiderski,R/Wien 1908}) 9. Qe2 Bb7 10. O-O-O Bd5 11.
Kb1 c6 12. Nc3 Nd7 13. Rhe1 Qa5 14. Nxd5 cxd5 15. Nh4 Nb6 $13 {Stjazhkina,
O-Grabuzova,T/49th ch-RUS (women) 1999}) (8. g3 b5 9. Bg2 Bb7 10. Qe2 Bd5 11.
Nc3 c6 12. Nxd5 (12. O-O-O Nd7 13. Kb1 Nb6 14. Rhe1 Qc7 15. Nh4 h5 16. f4 f5
17. Nf3 O-O-O 18. Ne5 $14 {Leko,P-Morozevich,A/Frankfurt-West Masters 1999})
12... cxd5 13. c3 Nc6 14. a4 O-O 15. O-O Qb6 16. b4 Rfc8 17. Rfd1 $14 {Lutz,
C-Morozevich,A/Frankfurt-West Masters 1999}) (8. Qd2 b5 9. Qh6 $6 Bb7 10. Bd3
Nd7 11. Ng3 f5 12. Nh5 Bf8 13. Qe3 Nf6 $15 {Sutovskij,E-Morozevich,A/Torneo de
Pamplona 9th 1998}) 8... f5 9. Nc3 Bf6 (9... c5 10. d5 Bf6 11. Qc2 e5 12. O-O-O
O-O 13. Nd2 Bg7 14. f3 {[%cal Gf1d3]} Qf6 15. Bd3 $14 {Wang Zili-Dreev,A/Tan
Chin Nam Cup 5th 1999 (15)}) 10. Qd2 c5 11. d5 (11. dxc5 Qa5 12. Be2 Qxc5 13.
O-O O-O 14. Qf4 Nc6 15. Rfd1 e5 16. Qh6 Bg7 17. Qh5 Ne7 $13 {Kovalevskaya,
E-Maric,A/Shenyang 2000/CBM 79}) 11... O-O 12. O-O-O Bg7 (12... e5 13. h4 $5 {
[%cal Gf3g5]} b5 14. d6 Nc6 $2 15. d7 $1 Bb7 16. Qd6 $1 $16 {Shirov,A-Topalov,
V/Sarajevo 2000/CBM 77/[Finkel,A]}) (12... Qa5 13. Kb1 Bg7 14. h4 e5 15. Re1
Nd7 16. Bd3 b5 17. Bxf5 Nb6 18. Bd3 $14 {Esplana,C-Kastanieda,G/Lima 2000/CBM
78}) 13. Kb1 $6 {We will have to wait for the next game in this interesting
variation to find out what Morozevich had prepared against 13.h4!} (13. h4 $1
exd5 14. Nxd5 (14. cxd5 Qd6 15. Kb1 b5 16. g3 Nd7 17. Bh3 Nf6 18. Qc2 $14)
14... Nc6 15. h5 h6 $8 (15... Be6 $6 16. h6 Bd4 (16... Bh8 $6 17. Qf4 Re8 18.
Qg3+ Kf8 19. Ng5 $18) 17. Nxd4 Nxd4 18. Qf4 Kh8 19. Rxd4 cxd4 20. Qg3 Rg8 21.
Qe5+ $18) 16. Rh3 f4 $6 (16... Be6 17. Rg3 Kh8 18. Rxg7 $5 Kxg7 19. Qc3+ f6 20.
Nf4 Qc8 21. Nh4 $36 {[%csl Rg7][%cal Gc3g3]}) (16... Re8 17. Rg3 Kh8 18. Bd3 b5
$1 $13) (16... b5 $5 $13) 17. Rh4 $16 {Shirov,A-Morozevich,A/Astana 2001/CBM 84
}) 13... exd5 14. Nxd5 Nc6 15. h4 b5 16. h5 h6 17. Rh3 (17. Qe3 Qd6 (17... Nd4
18. Nxd4 cxd4 19. Rxd4 Bxd4 20. Qxd4 $36) 18. Rd2 Nd4 19. Nxd4 cxd4 20. Rxd4
Bxd4 21. Qxd4 Rd8 $13) 17... f4 18. Qxf4 $2 {It's pretty obvious that white is
in troubles after this exchange sacrifice.} (18. Rh4) 18... Bxh3 19. gxh3 Kh8
20. Rd2 bxc4 21. Bxc4 Rb8 {[%cal Gb8b2] Black's offensive potential in this
position is just huge, so white's defensive task is extremly difficult. It's
interesting that black king feels perfectly safe on h8.} 22. a3 Na5 23. Ba2 Rb7
24. Qa4 Qc8 $1 $19 {Heading for f5.} 25. Ne3 (25. Qxa5 Qf5+ 26. Ka1 Qxf3 $19)
25... Rb5 26. Qe4 Qb8 27. Nd1 Nb3 28. Bxb3 Rxb3 29. Ka2 c4 30. Nd4 Rd8 31. Ka1
Rd3 0-1

[Event "Lippstadt 11th"]
[Site "Lippstadt"]
[Date "2003.08.12"]
[Round "6"]
[White "Smeets, Jan"]
[Black "Schenk, Andreas"]
[Result "1/2-1/2"]
[WhiteElo "2477"]
[BlackElo "2491"]
[Annotator "Finkel,A"]
[PlyCount "66"]
[EventDate "2003.08.07"]
[EventType "tourn"]
[EventRounds "11"]
[EventCountry "GER"]
[EventCategory "9"]
[SourceTitle "CBM 097"]
[Source "ChessBase"]
[SourceDate "2003.11.11"]
[SourceVersion "1"]
[SourceVersionDate "2003.11.11"]
[SourceQuality "1"]

1. e4 e6 2. d4 d5 3. Nc3 Nf6 4. Bg5 dxe4 5. Nxe4 Nbd7 6. Nf3 Be7 7. Nxf6+ Bxf6
8. h4 O-O (8... h6 9. Bxf6 Qxf6 10. Qd2 $14) 9. Bd3 (9. Qd2 e5 10. Bxf6 (10.
dxe5 Nxe5 11. Qxd8 (11. Nxe5 Qxd2+ 12. Bxd2 Bxe5 $10) 11... Nxf3+ $10) (10.
O-O-O e4 11. Bxf6 Nxf6 12. Ne5 Be6 13. Be2 (13. Kb1 c5 14. Bc4 Qd6 15. Bxe6
Qxe6 16. Qc3 Rac8 17. Qb3 Nd5 18. dxc5 Rxc5 $15 {Anand,V-Kortschnoj,V/Tilburg
1991}) 13... c5 14. dxc5 Qc7 15. Qc3 Rac8 16. c6 bxc6 17. Ba6 $14 {Labunskiy,
D-Pushkov,N/Vladivostok 1994}) 10... Qxf6 11. O-O-O exd4 (11... e4 12. Ng5 $16
{>< Pe4}) 12. Qxd4 Qxd4 13. Rxd4 Re8 (13... Nf6 14. Bc4 a6 15. Re1 b5 (15... b6
16. Re7 $16) 16. Bd5 Rb8 (16... Nxd5 17. Rxd5 Be6 18. Rc5 {>< Pc7}) 17. Bc6 $16
{Morovic Fernandez,I-Nogueiras,J/Capablanca mem-A 1996}) 14. Bc4 Nb6 15. Re1
Bd7 16. Bb3 Rxe1+ 17. Nxe1 Kf8 18. Nd3 $14 {Brodsky,M-Doroshkievich,V/Rostov
op 1993}) 9... c5 10. Qe2 (10. c3 cxd4 11. cxd4 e5 12. Qc2 h6 13. Bxf6 (13.
O-O-O exd4 14. Kb1 Re8 15. Bh7+ Kh8 16. Rxd4 Qb6 17. Rf4 Qxb2+ $1 $13 {Heinatz,
T-Schmidt,W/BL2-O9798}) 13... Qxf6 14. Ng5 $2 exd4 15. Bc4 g6 16. Ne4 Qc6 17.
O-O-O Ne5 18. Rxd4 Bf5 $17 {Pinkas,K-Schmidt,W/POL-ch 1993}) 10... cxd4 (10...
Qb6 11. Qe4 g6 12. O-O-O Bxd4 $5 (12... cxd4 13. Bxf6 Nxf6 14. Qf4 $1 (14. Qxd4
Qxd4 15. Nxd4 e5 $11) 14... Kg7 (14... Nd5 $6 15. Qh6 {[%cal Gf3g5]} f6 16. h5
(16. Bxg6 hxg6 17. Qxg6+ Kh8 18. Ng5 Qc7 19. Rxd4 Qg7) 16... Qc7 17. hxg6 $16)
15. Qe5 $1 Rd8 (15... h5 16. Ng5 Qb4 17. Ne4 Qe7 18. g4 $1 hxg4 19. h5 $18) 16.
h5 $1 h6 17. hxg6 fxg6 18. Rxh6 $1 $18) 13. Nxd4 cxd4 14. h5 $40 {[%csl Rg8]
[%cal Ge4h4]}) 11. Qe4 Qa5+ $5 {Interesting continuation forcing white to make
a choice whether to transpose to the equal endgame or to give up the right to
castle.} (11... g6 12. O-O-O e5 (12... Qa5 $5 13. Bxf6 Nxf6 14. Qxd4 $14 Nh5 (
14... Nd5 15. h5 $1 Qxa2 $6 16. hxg6 fxg6 17. Rxh7 $1 Kxh7 (17... Qa1+ 18. Kd2
Qxd1+ 19. Kxd1 Kxh7 20. Ng5+ $18) 18. Rh1+ Kg8 19. Qh8+ Kf7 20. Rh7+ Ke8 21.
Bxg6+ Kd8 22. Qxf8#) 15. a3 Rd8 16. Qe3 Bd7 (16... Qc7 $5 {[%cal Gc7f4]}) 17.
g4 Nf6 18. Qf4 $1 Nd5 $8 19. Qh6 Nf6 $8 20. Ng5 $1 $40 {[%csl Rh7] Kasparov,
G-Shirov,A/Frankfurt 2000}) 13. Bxf6 (13. Rhe1 Re8 14. Qd5 Re6 (14... Qe7 15.
Bb5 Nb6 16. Qxe5 Qxe5 17. Nxe5 Bxg5+ 18. hxg5 Rd8 19. Nc4 Be6 $11 {De Vreugt,
D-Gurevich,M/St Vincent 2002}) 15. Bb5 Qa5 16. Bc4 Qxd5 (16... Qc7 17. Bb3 Nc5
18. Bxf6 Nxb3+ 19. axb3 Rxf6 20. Rxe5 Be6 21. Qxd4 Bxb3 $13 {Glek,I-Gurevich,M/
Zwolle 2002}) 17. Bxd5 Rd6 18. Bb3 Kg7 19. Bxf6+ Rxf6 20. Nxe5 Nxe5 21. Rxe5
Rxf2 22. Rxd4 $16 {1Nataf,I-Schlosser,P/France 2001}) 13... Qxf6 14. h5 (14.
Bb5 $6 Rd8 15. Rhe1 Qb6 (15... a6 16. Bxd7 Bxd7 17. Qxe5 Qxe5 18. Rxe5 Bc6 $11
{Balashov,Y-Kruppa,Y/Elista 2000}) 16. Bc4 Nc5 17. Qxe5 Be6 18. Bxe6 Nxe6 $11 {
Kasparov,G-Anand,V/Kopavogur 2000}) (14. Rde1 $2 Nc5 15. Qxe5 Nxd3+ 16. cxd3
Qa6 17. h5 Bf5 $17 {Astengo,C-Del Rio Angelis,S/Lugano 1999}) 14... Qc6 15.
hxg6 fxg6 16. Qh4 $40) 12. Kf1 $5 {The most ambitious move.} (12. c3 g6 (12...
Qf5 13. Qxf5 exf5 14. Nxd4 Nc5 15. Be2 Bxg5 16. hxg5 Ne6 17. Nxf5 Nxg5 18. Nd6
$14) 13. Bxf6 Nxf6 14. Qxd4 Qd8 (14... Qd5 15. Qxf6 Qxd3 16. h5 Qe4+ 17. Kf1
Qf5 18. Qxf5 exf5 19. Nd4 $14) 15. O-O-O Qxd4 16. Nxd4 e5 17. Nb5 $14) (12. Bd2
Qf5 13. Qxf5 exf5 14. O-O-O Ne5 (14... Nc5 15. Bg5 Bxg5+ 16. hxg5 $14) 15. Nxe5
Bxe5 16. Rhe1 Bd6 $13) 12... g6 13. Bxf6 Nxf6 14. Qxd4 Nh5 $6 {Inaccuracy
after which black has to be very carefull to keep the balance. It was much
safer to bring the queen to the kingnside right away.} (14... Qd8 $5 15. Qf4
Nd5 16. Qh6 Qf6 17. c3 (17. h5 Qxb2 18. Re1 Qg7 19. Qd2 b6 20. hxg6 hxg6 $15)
17... Qf4 $1 18. Qxf4 (18. Ng5 Ne3+ 19. Kg1 Qxf2+ 20. Kxf2 Ng4+ 21. Ke2 Nxh6
22. h5 Kg7 $15) 18... Nxf4 19. Be4 f5 20. Bc2 b6 $13) 15. g4 Rd8 16. Qe3 Nf6
17. Qf4 $1 (17. Qe5 Qxe5 18. Nxe5 Nd7 $11) 17... Nd5 18. Qh6 Qb4 19. Ng5 Nf6
20. h5 Qf8 $8 (20... Qxb2 21. Re1 $18) 21. hxg6 fxg6 22. Qh4 {[%cal Gd3g6]} Qg7
23. Re1 (23. Bc4 Re8 24. Re1) 23... Re8 24. Bc4 Bd7 25. Rh3 $6 {With this
natural move white loses major part of his advantage.After correct} (25. Bb3
Kh8 26. f4 $1 $16 {[%cal Gf4f5,Gf1g1] black's defensive task would be extremly
tough.}) 25... Rac8 26. Nxe6 $6 (26. Bb3) 26... Qf7 27. Bb3 Bb5+ (27... Rxe6 $1
28. Bxe6 (28. Rhe3 Rce8) 28... Bxe6 29. Rf3 Qe7 30. Kg1 (30. Qxf6 Bc4+ 31. Kg2
Qxe1 $19) 30... Kg7 31. Rfe3 Rc6 $15) (27... Bxe6 $6 28. Rxe6 Rxe6 29. Rf3 $1 {
[%cal Gb3g8,Gf3f7]} Kh8 30. g5 Qe8 31. Bxe6 Qxe6 32. gxf6 $16) 28. Kg1 Bc4 29.
Rhe3 Bxb3 30. cxb3 Rc6 31. Ng5 (31. Nd4 Rxe3 32. fxe3 Ra6 33. g5 Nd7 34. a3 Ra5
35. Rc1 $14) 31... Rxe3 32. Rxe3 Rc1+ 33. Kg2 Qd7 $44 1/2-1/2